Identificacion de la oferta floral y elaboracion de calendarios florales de especies vegetales asociadas a los apiarios de los municipios de Pitalito y San Agustín departamento de Hulia, Colombia (Registro nro. 7799)
[ vista simple ]
| 000 -CABECERA | |
|---|---|
| Campo de control | 01220nam a22002297a 4500 |
| 005 - FECHA Y HORA DE LA ULTIMA TRANSACCION | |
| Campo de control | 20150202141013.0 |
| 008 - ELEMENTOS DE LONGITUD FIJA—INFORMACION GENERAL | |
| Campo de control | 131114b2010 ck ||||| |||| 00| 0 spa d |
| 040 ## - FUENTE DE CATALOGACIÓN | |
| Agencia catalogadora original | CO-BoIAVH |
| Agencia transcriptora | CO-BoIAVH |
| 041 ## - IDIOMA | |
| Código de idioma para texto/pista de sonido o título separado | Español |
| 044 ## - PAÍS DE PUBLICACIÓN | |
| País de publicación | Colombia |
| 090 ## - CLASIFICACIÓN LOCAL | |
| Colección | IAVH |
| Consecutivo | 01492 |
| 100 ## - ASIENTO PRINCIPAL--NOMBRE PERSONAL | |
| Nombre personal | Gonzalez Campos-Diana Paola |
| 245 ## - MENCION DE TITULO | |
| Título | Identificacion de la oferta floral y elaboracion de calendarios florales de especies vegetales asociadas a los apiarios de los municipios de Pitalito y San Agustín departamento de Hulia, Colombia |
| Parte restante del título | Proyecto: determinacion de la oferta floral apícola como mecanismo para optimizar producción,diferenciar productos de la colmena y mejorar competitividad. |
| 260 ## - PUBLICACION, DISTRIBUCION, ETC. (PIE DE IMPRENTA) | |
| Lugar de publicación, distribución, etc. | Nevia |
| Nombre del editor, distribuidor, etc. | Instituto de Investigación de Recursos Biológicos Alexander von Humboldt |
| Fecha de publicación, distribución, etc. | 2010 |
| 300 ## - DESCRIPCION FISICA | |
| Extensión | 118 p. |
| Otros detalles físicos | il,graf,cuadr. |
| Dimensiones | 27 cm. |
| 520 ## - NOTA DE RESUMEN, ETC. | |
| Nota de resumen | Se realizo la descripcion florística y caracterizacion de la vegetacion asociada a dos apiarios de los municipios de Pitalito y San Agustín. |
| 650 ## - ASIENTO SECUNDARIO DE MATERIA - TERMINO TEMATICO | |
| Término temático o nombre geográfico como elemento de entrada | Flora apícola |
| 650 ## - ASIENTO SECUNDARIO DE MATERIA - TERMINO TEMATICO | |
| Término temático o nombre geográfico como elemento de entrada | Plantas nectaríferas |
| Subdivisión geográfica | Pitalito (Huila) |
| 650 ## - ASIENTO SECUNDARIO DE MATERIA - TERMINO TEMATICO | |
| Término temático o nombre geográfico como elemento de entrada | Plantas poliníferas |
| Subdivisión geográfica | San Agustin (Huila) |
| 700 ## - ASIENTO SECUNDARIO - NOMBRE PERSONAL | |
| Nombre personal | Santofimio García- Lina Fernanda |
| 942 ## - ELEMENTOS ADICIONALES (KOHA) | |
| Sistema de clasificación | Local |
| Tipo de ítem | Informe Técnico |
| Withdrawn status | Lost status | Sistema de Clasificación | Damaged status | No para préstamo | Colección | Inventariado | Ubicación Permanente | Ubicación actual | Fecha de adquisición | Total Checkouts | Número topográfico | Inventario / Código de Barras | Date last seen | Date checked out | Ejemplar | Price effective from | Forma de adquisición | Tipo de material |
|---|---|---|---|---|---|---|---|---|---|---|---|---|---|---|---|---|---|---|
| Local | Humboldt | Inventariado 2017 | Bogotá | Bogotá | 14/11/2013 | 1 | IAVH-01492 | 059279 | 09/08/2024 | 11/09/2018 | Ej. 1 | 14/11/2013 | Informe Técnico |